000 01027nam a22003137a 4500
001 7631
003 FISKH
005 20250729084214.0
008 250729b cb ||||| |||| 00| 0 eng d
020 _a9780439576604
040 _aFISKH
_beng
_cFISKH
_dFISKH
050 _aPZ7.P2185 A
082 _a813
100 _aParish, Herman
245 _aAmelia Bedelia, bookworm /
_cBy Herman Parish : Picute by Lynn Sweat
250 _aFirst Scholastic printing, September 2004
260 _aNew York :
_bScholastic ,
_c2003.
300 _a64 pages :
_bcolor illustrations ;
_c23 cm .
490 _aAmelia Bedelia
_v17
505 _aL
520 _aThe literal-minded housekeeper causes chaos at her local library when she stops by to help the librarian.
521 8 _a530
_bLexile estimate
521 8 _aL
_bRaz-Plus
650 _aHomophones
_vJuvenile Literature
650 _aEasy reader
_vJuvenile Literature
700 _aSweat, Lynn
_eIllustrator
942 _2ddc
_cBK
_n0
999 _c7631
_d7631